| Tag |
First Indicator |
Second Indicator |
Subfields |
| LEADER |
00000cam a2200000 a 4500 |
| 001 |
in00001031421 |
| 005 |
20150928153642.0 |
| 008 |
900430s1990 nyua bf 001 0 eng |
| 010 |
|
|
|a 90037855
|
| 020 |
|
|
|a 0442318367
|
| 035 |
|
|
|a (OCoLC)21592851
|
| 035 |
|
|
|9 AFH6067AM
|
| 040 |
|
|
|a DLC
|c DLC
|d AGL
|d OCL
|d TXA
|d UtOrBLW
|
| 049 |
|
|
|a TXAM
|
| 050 |
0 |
0 |
|a SH167.C44
|b T83 1990
|
| 070 |
0 |
|
|a SH167.C44T83
|
| 072 |
|
7 |
|a M120
|
| 082 |
0 |
0 |
|a 639.3/752
|2 20
|
| 100 |
1 |
|
|a Tucker, C. S.
|q (Craig S.),
|d 1951-
|
| 245 |
1 |
0 |
|a Channel catfish farming handbook /
|c Craig S. Tucker and Edwin H. Robinson.
|
| 264 |
|
1 |
|a New York :
|b Van Nostrand Reinhold,
|c [1990]
|
| 264 |
|
4 |
|c ©1990
|
| 300 |
|
|
|a x, 454 pages :
|b illustrations ;
|c 24 cm.
|
| 336 |
|
|
|a text
|b txt
|2 rdacontent
|
| 337 |
|
|
|a unmediated
|b n
|2 rdamedia
|
| 338 |
|
|
|a volume
|b nc
|2 rdacarrier
|
| 500 |
|
|
|a "An Avi book."
|
| 504 |
|
|
|a Includes bibliographical references and index.
|
| 650 |
|
0 |
|a Channel catfish
|x Handbooks, manuals, etc.
|
| 650 |
|
0 |
|a Fish culture
|x Handbooks, manuals, etc.
|
| 700 |
1 |
|
|a Robinson, Edwin H.
|q (Edwin Hollis),
|d 1942-
|
| 999 |
|
|
|a MARS
|
| 999 |
f |
f |
|s 3861f89c-35be-397b-9b73-788ad42a6a06
|i 33aa648c-330e-3573-a7cd-7321525a9b18
|t 0
|
| 952 |
f |
f |
|p normal
|a Texas A&M University
|b Galveston Campus
|c Jack K. Williams Library
|s galv stk
|d Galveston Stacks
|t 0
|e SH167.C44 T83 1990
|h Library of Congress classification
|i unmediated -- volume
|m 33620000784021
|
| 998 |
f |
f |
|a SH167.C44 T83 1990
|t 0
|l Galveston Stacks
|